| 000 | 02947nam a2200589 a 4500 | ||
|---|---|---|---|
| 008 | 110704t2015 sp a . f |||| 001 0 spa d | ||
| 020 | _a9789871639380 | ||
| 041 | _aspa | ||
| 092 |
_c617.43 _l66 _sPEK |
||
| 100 | 1 |
_aPekolj, Juan _93257 |
|
| 245 |
_aComplicaciones de la cirugía abdominal. _bCómo manejarlas / _cJuan Pekolj |
||
| 250 | _a1a ed. | ||
| 260 |
_aBuenos Aires: _bdelhospital ediciones; _c2015. |
||
| 300 |
_a688 p. _c22x16 cm. |
||
| 500 | _aPekolj, J., Ardiles, V. y Hyon, S. H. (Col.). (2015). Complicaciones de la cirugía abdominal. Cómo manejarlas. (1a ed.). Buenos Aires : delhospital ediciones. | ||
| 653 | _aImportancia de las complicaciones en la cirugía abdominal | ||
| 653 | _aResultados negativos de los procedimientos quirúrgicos | ||
| 653 | _aPrevención de las complicaciones | ||
| 653 | _aValor del ateneo de morbimortalidad | ||
| 653 | _aEvaluación prequirúrgica | ||
| 653 | _aCuidados intensivos en la prevención y tratamiento de las complicaciones de la cirugía mayor | ||
| 653 | _aAspectos infectológicos | ||
| 653 | _aSoporte nutricional del paciente quirúrgico | ||
| 653 | _aAspectos anestesiológicos en las reintervenciones quirúrgicas | ||
| 653 | _aEnfermedad tromboembolítica venosa en el paciente quirúrgico | ||
| 653 | _aValor de los métodos por imágenes en el manejo de las complicaciones posoperatorias | ||
| 653 | _aInfección del sitio quirúrgico | ||
| 653 | _aComplicaciones hemorrágicas | ||
| 653 | _aDehiscencias anastomóticas | ||
| 653 | _aFístulas digestivas externas posoperatorias | ||
| 653 | _aTrastornos posoperatorios del tránsito intestinal | ||
| 653 | _aComplicaciones vasculares | ||
| 653 | _aSindrome compartimental abdominal | ||
| 653 | _aComplicaciones de la pared abdominal | ||
| 653 | _aComplicaciones más frecuentes en cirugia gástrica | ||
| 653 | _aComplicaciones más frecuentes en cirugia biliar | ||
| 653 | _aComplicaciones más frecuentes en cirugia pancreática | ||
| 653 | _aComplicaciones más frecuentes de la resección pancreática | ||
| 653 | _aComplicaciones más frecuentes de la resección hepática | ||
| 653 | _aComplicaciones en la cirugía colorrectal y apendicular | ||
| 653 | _aComplicaciones más frecuentes de la cirugia esplénica | ||
| 653 | _aComplicaciones más frecuentes de la cirugía suprarrenal | ||
| 653 | _aResolución de accidentes intraoperatorios en cirugía laparoscópica | ||
| 653 | _aPapel de la laparoscopia en el manejo de las complicaciones posoperatorias | ||
| 653 | _aPapel de la endoscopia en el manejo de las complicaciones posoperatorias | ||
| 653 | _aProcedimientos percutáneos en las complicaciones posoperatorias | ||
| 653 | _aProcedimientos endovasculares | ||
| 653 | _aPapel de la cirugía abierta en el manejo de las complicaciones perioperatorias | ||
| 700 | 1 |
_aArdiles, Victoria _93258 |
|
| 700 | 1 |
_aHyon, Sung Ho _93259 |
|
| 942 |
_2ddc _cBK |
||
| 999 |
_c2426 _d2426 |
||